Jihoslovanské literatury v českém prostředí. - Brno : Masarykova univerzita. - 1999 [Rezension]

Titel: Jihoslovanské literatury v českém prostředí. - Brno : Masarykova univerzita. - 1999 [Rezension]
Verfasser:
In: Slavia, Band 69 (2000), Seite 90-92
alle Artikel anzeigen
Veröffentlicht: 2000
Format: Aufsatz
Sprache: Keine Angabe
Kein Bild verfügbar
X
alg: 39523777
001A    $01999:12-11-16 
001B    $01999:09-08-21 $t17:44:31.000 
001D    $01999:12-11-16 
001U    $0utf8 
001X    $00 
002@    $0Aox 
003@    $0395237777 
007A    $0395237777 $aHEB 
007T    $0Herdp26345 
010@    $axxx 
011@    $a2000 
021A    $aJihoslovanské literatury v českém prostředí. - Brno : Masarykova univerzita. -  1999 [Rezension] 
028A    $aTureček $dDalibor 
031A    $d69 $h90-92 $j2000 
039B    $aIn $8--Abvc--. Slavia. - Praha : Euroslavica, 1922-. - ISSN 0037-6736 $x200000000690000910 $9047278633 
039T    $8--Aax--. Jihoslovanské literatury v českém prostředí. - Brno : Masarykova univerzita, 1999. - 190 s.. - ISBN 80-210-2144-6 $9395484952 
045F    $a900.94371 $eDDC23BSB 
045F/01 $a900 
045F/03 $g4371 
045T    $a7,39 
045T    $aAVL $qDE-30 $2FID 

lok: 39523777 78

exp: 39523777 78 1 #EPN
201B/01 $026-11-17 $t04:23:04.000 
201U/01 $0utf8 
203@/01 $0791575195 
208@/01 $a12-11-16 $be 
209A/01 $a/ $f000 $x00 
220C/01 $aHerkunft: Hú Av Čr Praha 
220C/01 $aAnmerkung: Slavia 
244Z/01 $#Tschechien $#Tschechische Republik $#Tschechische Republik $#Tschechenland $#Tschechei Tschechien $#Česká Republika $#Czech Republic $#ČR $74303381-7 $8--Tg1--Tschechien $x01 $9086659812 
244Z/01 $2Trx $#Böhmen $#Bohemia $#Czechy $8--Trx--Čechy $x02 $9391188941 
244Z/01 $2Trx $#arvustused $#recenzijos $#Reviews $#recenziók $#recenzje $#recenzie $#recenze $8--Trx--Rezensionen $x03 $9391357441 
247C/01 $82080>Marburg/Lahn, Herder-Institut, Forschungsbibliothek, Bibliographieportal $9336309341
LEADER 00000caa a22000002c 4500
001 395237777
003 DE-603
005 20210809174431.0
007 tu
008 161112s2000 xx |||| | u00||u|xxx c
035 |a (DE-599)HEB395237777 
040 |a DE-603  |b ger  |c DE-603  |d DE-603 
041 |a xxx 
082 0 4 |8 1\u  |a 900.94371  |q DE-101  |2 23/BSB 
084 |a 7,39  |2 ssgn 
084 |a AVL  |q DE-30  |2 fid 
085 |8 1\u  |b 900 
085 |8 1\u  |z 2  |s 4371 
100 1 |a Tureček, Dalibor 
245 0 0 |a Jihoslovanské literatury v českém prostředí. - Brno : Masarykova univerzita. - 1999 [Rezension] 
264 0 |c 2000 
773 0 8 |i In  |t Slavia  |d Praha : Euroslavica, 1922-  |h 24 cm  |x 0037-6736  |g Band 69 (2000), Seite 90-92  |w (DE-603)047278633  |w (DE-600)204528-X 
787 0 8 |i Rezension von  |t Jihoslovanské literatury v českém prostředí  |d Brno : Masarykova univerzita, 1999  |h 190 s.  |z 8021021446  |w (DE-603)395484952 
924 0 |9 2080  |a (DE-603)791575195  |b DE-2080  |c HES  |d d  |g /